| Registos Bibliográficos associados ao registo de autoridade |
|
Etiqueta de registo: 00000nkm 2200025 450 001 2279433 003 http://id.bnportugal.gov.pt/bib/catbnp/2279433 100 ## $a20260311d1990 m y0pory01030103ba 101 0# $apor 102 ## $aPT 200 1# $a4 ª Festa Internacional dos Jogos, 1990$bVisual gráfico]$fA.J.T.G. - Associação Jogos Tradicionais, Guarda 210 #9 $aGuarda$cAssociação Jogos Tradicionais, Guarda,$d1990$eGuarda :$gMarques & Pereira, Lda.) 215 ## $a1 cartaz$ccolor.$d42x30 cm 303 ## $aCartaz de divulgação dos espetáculos "Os Bichos" de Miguel Torga, e a "Pregação" pelo
Teatro "O Bando" realizados nos dias 24 e 25 de agosto na Guarda, integrados na Festa
Internacional dos Jogos 317 ## $aColeção Madeira Luís 710 12 $aFesta Internacional dos Jogos,$d4,$eGuarda,$f1990$31649029 712 02 $aAssociação de Jogos Tradicionais da Guarda$4557$31647437 801 #0 $aPT$bBN$gRPC 966 ## $lBN$mICONOG$sCT. 15933 V.$x3 971 ## $cCatmusica8$d20260311 972 ## $d20260317$e1$vfpinelo$z0 995 ## $aPRR2026
|
|
|